Statistics for marjorie - Taylor Swift (All Lyrics)

Click here to take the quiz!

General Stats

  • This quiz has been taken 54 times
  • The average score is 278 of 315

Answer Stats

Lyrics% Correct
you
100%
You
100%
your
100%
as
97%
I
97%
Marjorie
97%
me
97%
What
97%
and
94%
And
94%
be
94%
didn't
94%
name
94%
so
94%
to
94%
where
94%
died
92%
for
92%
go
92%
Never
92%
You're
92%
you're
92%
around
89%
better
89%
clever
89%
dead
89%
forget
89%
in
89%
kind
89%
know
89%
now
89%
signed
89%
stay
89%
were
89%
alive
86%
alive,
86%
Asked
86%
asked
86%
every
86%
head
86%
how
86%
if
86%
If
86%
my
86%
polite
86%
power
86%
still
86%
The
86%
the
86%
think
86%
back
83%
could
83%
feet
83%
of
83%
our
83%
questions
83%
should've
83%
Should've
83%
singing
83%
touch
83%
All
81%
all
81%
'Cause
81%
complained
81%
dreams
81%
from
81%
I'd
81%
scrap
81%
such
81%
talking
81%
there
81%
Watched
81%
way
81%
would
81%
write
81%
always
78%
down
78%
grocery
78%
taken
78%
up
78%
whole
78%
autumn
75%
But
75%
feel
75%
it
75%
kept
75%
listening
75%
loved
75%
much
75%
past
75%
store
75%
that
75%
chill
72%
amber
69%
receipt
69%
stairs
69%
You'd
69%
car
67%
skies
67%
them
67%
closets
64%
left
64%
ride
64%
frozen
61%
wakes
61%
backlogged
58%
swims
58%
limbs
56%
Long
56%
weild
56%

Score Distribution

Percentile by Number Answered

Percent of People with Each Score

Your Score History

You have not taken this quiz